[Event "10th North Sea Cup"]
[Site "Esbjerg DEN"]
[Date "1985.07.??"]
[Round "1"]
[White "Csom, Istvan"]
[Black "Plaskett, Harold James"]
[Result "1-0"]
[WhiteElo "2465"]
[BlackElo "2480"]
[EventDate "1985.07.??"]
[PlyCount "121"]

1.c4 Nf6 2.Nf3 e6 3.g3 a6 4.Bg2 b5 5.b3 Bb7 6.O-O Be7 7.Bb2 O-O 8.Qc2 Ra7 
9.d3 c5 10.Nc3 bxc4 11.dxc4 Nc6 12.Rfd1 Qa8 13.Rd2 Nd4 14.Qd1 Rd8 15.Rc1 
Nxf3+ 16.Bxf3 Bxf3 17.exf3 Qc6 18.Qe2 h6 19.Na4 Ne8 20.Rcd1 Bg5 21.f4 Be7 
22.f5 Nf6 23.Rd3 Nh7 24.h4 Re8 25.fxe6 dxe6 26.Qe3 Rb7 27.Be5 Nf8 28.Bd6 
Rc8 29.Bxe7 Rxe7 30.Qd2 Ng6 31.Rd6 Qe4 32.Re1 Qb7 33.Qe3 Rec7 34.Red1 Ne7 
35.Rd8+ Kh7 36.g4 Ng6 37.Rxc8 Rxc8 38.Qd3 f5 39.gxf5 Nxh4 40.fxe6+ Kg8 41.
Qd5 Qe7 42.Nxc5 Rf8 43.Nd7 Rf5 44.Qa8+ Kh7 45.Qe4 Qg5+ 46.Kf1 Ng6 47.e7 
Nxe7 48.Nf8+ Kh8 49.Qxe7 Qg3 50.Ng6+ Qxg6 51.Rd8+ Kh7 52.Qe8 Qf6 53.Qe4 
Qa1+ 54.Ke2 Qxa2+ 55.Rd2 Qa5 56.Rd5 Qa2+ 57.Rd2 Qa5 58.f4 Kg6 59.Rd5 Qa2+ 
60.Kf3 Qxb3+ 61.Kg4 1-0

[Event "10th North Sea Cup"]
[Site "Esbjerg DEN"]
[Date "1985.07.??"]
[Round "1"]
[White "Farago, Ivan"]
[Black "Ftacnik, Lubomir"]
[Result "1/2-1/2"]
[WhiteElo "2510"]
[BlackElo "2500"]
[EventDate "1985.07.??"]
[PlyCount "91"]

1.d4 Nf6 2.c4 g6 3.Nc3 d5 4.Nf3 Bg7 5.Bf4 O-O 6.e3 c6 7.Be2 Bg4 8.Qb3 Qb6 
9.O-O dxc4 10.Qxc4 Nbd7 11.h3 Be6 12.Qd3 Rfd8 13.Qc2 Rac8 14.e4 h6 15.Qd2 
a5 16.Be3 Nf8 17.d5 Qc7 18.Bf4 Qb6 19.Be3 Qc7 20.Rac1 Qb8 21.Bf4 Qa7 22.
Be3 Qb8 23.Bxh6 Bxh6 24.Qxh6 cxd5 25.e5 N6d7 26.Qe3 Rc5 27.a4 Rdc8 28.Rfd1
d4 29.Rxd4 Nxe5 30.Rcd1 Nc4 31.Bxc4 Rxc4 32.Qg5 Qc7 33.Nb5 Qc5 34.Qd2 Rc2 
35.Qxa5 Rxb2 36.R4d2 Rxd2 37.Rxd2 Bd5 38.Rd3 Qc1+ 39.Ne1 Bc4 40.Re3 Ne6 
41.Qb4 Nf4 42.Nc3 Nd3 43.Qxb7 Be6 44.Rxe6 Rxc3 45.Qxe7 fxe6 46.Qe8+ 
1/2-1/2

[Event "10th North Sea Cup"]
[Site "Esbjerg DEN"]
[Date "1985.07.??"]
[Round "1"]
[White "Fries-Nielsen, Jens Ove"]
[Black "Hjartarson, Johann"]
[Result "0-1"]
[WhiteElo "2395"]
[BlackElo "2505"]
[EventDate "1985.07.??"]
[PlyCount "78"]

1.d4 Nf6 2.c4 e6 3.g3 c5 4.d5 exd5 5.cxd5 d6 6.Nc3 g6 7.Bg2 Bg7 8.e4 O-O 
9.Nge2 Re8 10.Qc2 Na6 11.O-O Rb8 12.h3 b5 13.a4 Nb4 14.Qd1 bxa4 15.Rxa4 a5
16.Be3 Ba6 17.Qd2 Nd7 18.Raa1 Nd3 19.Rab1 Rb3 20.Bh6 Rxb2 21.Rxb2 Bxh6 22.
Qxh6 Nxb2 23.Qd2 Nd3 24.f4 Nb4 25.Kh2 Bd3 26.Re1 Qf6 27.Ng1 c4 28.Nf3 Nc2 
29.Rc1 Nd4 30.Nxd4 Qxd4 31.Re1 Rb8 32.h4 Rb3 33.Rc1 Nf6 34.Bf3 h5 35.Kh1 
a4 36.f5 Kg7 37.fxg6 fxg6 38.Bg2 a3 39.e5 dxe5 0-1

[Event "10th North Sea Cup"]
[Site "Esbjerg DEN"]
[Date "1985.07.??"]
[Round "1"]
[White "Hansen, Curt"]
[Black "Olafsson, Helgi"]
[Result "1/2-1/2"]
[WhiteElo "2500"]
[BlackElo "2515"]
[EventDate "1985.07.??"]
[PlyCount "64"]

1.d4 d5 2.c4 e6 3.Nc3 c5 4.cxd5 exd5 5.Nf3 Nc6 6.g3 Nf6 7.Bg2 Be7 8.O-O 
O-O 9.Bg5 cxd4 10.Nxd4 Re8 11.Rc1 h6 12.Be3 Bg4 13.h3 Be6 14.Kh2 Rc8 15.
Ncb5 Qd7 16.Nxe6 fxe6 17.Nxa7 Nxa7 18.Bxa7 Ra8 19.Bd4 Rxa2 20.Qd3 Ra6 21.
e3 Rc6 22.Rc3 Rec8 23.f4 Rd8 24.Rfc1 Rdc8 25.Bf3 Bb4 26.Rxc6 bxc6 27.Ra1 
Be7 28.Ra7 Rc7 29.Ra8+ Rc8 30.Ra7 Rc7 31.Ra6 Rc8 32.Qb3 Kh7 1/2-1/2

[Event "10th North Sea Cup"]
[Site "Esbjerg DEN"]
[Date "1985.07.??"]
[Round "2"]
[White "Hansen, Curt"]
[Black "Csom, Istvan"]
[Result "0-1"]
[WhiteElo "2500"]
[BlackElo "2465"]
[EventDate "1985.07.??"]
[PlyCount "83"]

1.e4 c5 2.Nf3 a6 3.c3 d5 4.exd5 Qxd5 5.d4 e6 6.Bd3 Nf6 7.O-O b6 8.Bg5 Bb7 
9.Bxf6 gxf6 10.Nbd2 Qd8 11.Qe2 Be7 12.Rad1 Ra7 13.Be4 O-O 14.dxc5 bxc5 15.
Nc4 Qc7 16.Rd3 Rd8 17.Rfd1 Rxd3 18.Rxd3 Bxe4 19.Qxe4 Qc6 20.Qg4+ Kh8 21.
Nfd2 Qe8 22.Qf3 Rd7 23.Rxd7 Qxd7 24.Qa8 Qc7 25.g3 Kg7 26.Nb3 f5 27.Nc1 Qd7
28.Qxb8 Qd1+ 29.Kg2 Qd5+ 30.f3 Qxc4 31.Qb3 Qb5 32.Qxb5 axb5 33.Nd3 Bd6 34.
b3 Kf6 35.f4 Ke7 36.Kf3 f6 37.a4 c4 38.bxc4 bxa4 39.c5 Bc7 40.Ke3 e5 41.
fxe5 fxe5 42.Kd2 0-1

[Event "10th North Sea Cup"]
[Site "Esbjerg DEN"]
[Date "1985.07.??"]
[Round "2"]
[White "Kristiansen, Jens"]
[Black "Roedgaard, John"]
[Result "1/2-1/2"]
[WhiteElo "2390"]
[BlackElo "2365"]
[EventDate "1985.07.??"]
[PlyCount "72"]

1.c4 e6 2.Nc3 d5 3.d4 c6 4.e3 Nd7 5.Nf3 Ngf6 6.Bd3 Bd6 7.O-O O-O 8.e4 dxe4
9.Nxe4 Nxe4 10.Bxe4 Qc7 11.Re1 c5 12.b3 Rd8 13.Bb2 Nf6 14.Bd3 Be7 15.Qe2 
cxd4 16.Nxd4 a6 17.Rad1 Bb4 18.Rf1 Bd7 19.Qe3 Re8 20.Nf3 Bc5 21.Qg5 h6 22.
Qh4 Be7 23.Ne5 Rad8 24.Rfe1 Bc6 25.Re3 Nd7 26.Qh5 Nxe5 27.Bxe5 Bd6 28.Bxd6
Rxd6 29.Qe5 Rd7 30.Qxc7 Rxc7 31.Be4 Bxe4 32.Rxe4 Kf8 33.Red4 Ke7 34.g3 b5 
35.cxb5 axb5 36.Rb4 Ra8 1/2-1/2

[Event "10th North Sea Cup"]
[Site "Esbjerg DEN"]
[Date "1985.07.??"]
[Round "2"]
[White "Mortensen, Erling"]
[Black "Farago, Ivan"]
[Result "0-1"]
[WhiteElo "2450"]
[BlackElo "2510"]
[EventDate "1985.07.??"]
[PlyCount "64"]

1.e4 e6 2.Nf3 d5 3.e5 c5 4.b4 cxb4 5.a3 Nh6 6.axb4 Bxb4 7.c3 Be7 8.d4 Nf5 
9.g4 Nh4 10.Nxh4 Bxh4 11.Bd3 Nc6 12.O-O Be7 13.f4 Bd7 14.Nd2 Qc7 15.Ba3 
Bxa3 16.Rxa3 h5 17.gxh5 O-O-O 18.Rf2 g6 19.hxg6 fxg6 20.Nf3 Rdf8 21.Qd2 
Kb8 22.c4 dxc4 23.Bxc4 Ne7 24.Qa2 Nc8 25.Ng5 Rh4 26.Bxe6 Rhxf4 27.Rxf4 
Qc1+ 28.Kg2 Qxf4 29.Nf3 Bb5 30.Rc3 Nb6 31.Qd2 Qe4 32.d5 Be2 0-1

[Event "10th North Sea Cup"]
[Site "Esbjerg DEN"]
[Date "1985.07.??"]
[Round "2"]
[White "Olafsson, Helgi"]
[Black "Ftacnik, Lubomir"]
[Result "0-1"]
[WhiteElo "2515"]
[BlackElo "2500"]
[EventDate "1985.07.??"]
[PlyCount "138"]

1.d4 Nf6 2.Nf3 g6 3.c4 Bg7 4.Nc3 d5 5.cxd5 Nxd5 6.e4 Nxc3 7.bxc3 c5 8.Rb1 
O-O 9.Be2 Nc6 10.d5 Ne5 11.Nxe5 Bxe5 12.Qd2 b6 13.O-O e6 14.f4 Bg7 15.d6 
Bb7 16.Bf3 e5 17.c4 exf4 18.Qxf4 Bd4+ 19.Kh1 f6 20.Bb2 Bxb2 21.Rxb2 Qe8 
22.Rd2 Rd8 23.Rfd1 Qe5 24.Qxe5 fxe5 25.Rd3 Rf4 26.Re3 Rd7 27.Kg1 h5 28.h4 
Rf6 29.Ra3 a5 30.Rad3 Ba6 31.Rd5 Re6 32.R5d2 Bxc4 33.Kf2 Rf6 34.Ke3 b5 35.
a4 bxa4 36.Rc1 Bf7 37.Rxc5 a3 38.Rxa5 a2 39.Rd3 Rfxd6 40.Rda3 Rb7 41.Kf2 
Rd2+ 42.Kg3 Rb1 43.Ra7 Rb5 44.Rc7 Rdb2 45.Ra8+ Rb8 46.Ra5 R8b7 47.Ra8+ Rb8
48.Ra5 Rb1 49.Rxf7 Kxf7 50.Rxa2 Kf6 51.Ra5 R8b6 52.Ra8 Rb8 53.Ra5 R1b5 54.
Ra7 R5b7 55.Ra5 Re7 56.Ra6+ Re6 57.Ra7 Rh8 58.Rc7 g5 59.hxg5+ Kxg5 60.Rg7+
Kf6 61.Ra7 Re7 62.Ra6+ Kg5 63.Kh3 h4 64.g3 Rf7 65.gxh4+ Kf4 66.Bg4 Rd8 67.
Bf5 Rd3+ 68.Kg2 Rd2+ 69.Kh3 Rc7 0-1

[Event "10th North Sea Cup"]
[Site "Esbjerg DEN"]
[Date "1985.07.??"]
[Round "2"]
[White "Plaskett, Harold James"]
[Black "Fries-Nielsen, Jens Ove"]
[Result "1-0"]
[WhiteElo "2480"]
[BlackElo "2395"]
[EventDate "1985.07.??"]
[PlyCount "105"]

1.e4 c5 2.c3 e6 3.d4 d5 4.e5 Qb6 5.Nf3 Bd7 6.Be2 Bb5 7.c4 Bxc4 8.Bxc4 dxc4
9.d5 exd5 10.Qxd5 Nc6 11.O-O Nge7 12.Qxc4 Qb4 13.Qc2 Ng6 14.a3 Qg4 15.Nc3 
O-O-O 16.Re1 Be7 17.b4 c4 18.Re4 Qe6 19.Be3 Rd3 20.Nd2 Rhd8 21.Nxc4 f5 22.
exf6 Qxf6 23.Bd2 Nh4 24.Rae1 Qg6 25.Rxh4 Bxh4 26.Ne4 R3d5 27.Bf4 Be7 28.g3
R8d7 29.Ne5 Rxe5 30.Bxe5 Kd8 31.Bb2 a6 32.Qc4 Kc8 33.Kg2 Kb8 34.Bc3 Qf5 
35.Re2 g5 36.Rd2 Rxd2 37.Nxd2 h5 38.Qe4 Qf7 39.a4 Bd6 40.b5 axb5 41.axb5 
Na7 42.b6 Nb5 43.Be5 Qe8 44.Bxd6+ Nxd6 45.Qxe8+ Nxe8 46.Ne4 g4 47.f4 gxf3+
48.Kxf3 Kc8 49.Kf4 Kd7 50.Kg5 Kc6 51.Kxh5 Kxb6 52.Kg6 Kc6 53.h4 1-0

[Event "10th North Sea Cup"]
[Site "Esbjerg DEN"]
[Date "1985.07.??"]
[Round "3"]
[White "Fries-Nielsen, Jens Ove"]
[Black "Hansen, Curt"]
[Result "1/2-1/2"]
[WhiteElo "2395"]
[BlackElo "2500"]
[EventDate "1985.07.??"]
[PlyCount "38"]

1.d4 Nf6 2.c4 e6 3.Nc3 Bb4 4.e3 c5 5.Bd3 Nc6 6.Ne2 d5 7.O-O dxc4 8.Bxc4 
O-O 9.a3 Bxc3 10.bxc3 e5 11.Ba2 Be6 12.Bxe6 fxe6 13.Qb3 Qd5 14.c4 Qd7 15.
dxe5 Nxe5 16.Bb2 Qd3 17.Nc1 Qxb3 18.Nxb3 Nxc4 19.Bxf6 Rxf6 1/2-1/2

[Event "10th North Sea Cup"]
[Site "Esbjerg DEN"]
[Date "1985.07.??"]
[Round "3"]
[White "Roedgaard, John"]
[Black "Hjartarson, Johann"]
[Result "0-1"]
[WhiteElo "2365"]
[BlackElo "2505"]
[EventDate "1985.07.??"]
[PlyCount "98"]

1.c4 e5 2.Nc3 Nf6 3.Nf3 Nc6 4.e3 Bb4 5.Qc2 Bxc3 6.Qxc3 Qe7 7.a3 a5 8.b4 
axb4 9.axb4 Rxa1 10.Qxa1 e4 11.b5 exf3 12.bxc6 fxg2 13.cxd7+ Qxd7 14.Bxg2 
Qg4 15.Qe5+ Be6 16.Bxb7 Qxc4 17.Ba3 Kd7 18.Qc5 Qxc5 19.Bxc5 Rb8 20.Bg2 
Rb1+ 21.Ke2 Bc4+ 22.d3 Rb2+ 23.Kf3 Bxd3 24.Bh3+ Kc6 25.Rc1 Be4+ 26.Kg3 Rc2
27.Rxc2 Bxc2 28.Bf8 g6 29.Kf4 Kd5 30.f3 c5 31.e4+ Kc6 32.e5 Nd5+ 33.Kg5 c4
34.e6 f5 35.f4 c3 36.Ba3 h6+ 37.Kxg6 Nxf4+ 38.Kg7 Nxe6+ 39.Kxh6 Be4 40.Bf1
Kd5 41.Kg6 f4+ 42.Kf6 f3 43.h4 Nf4 44.Kg5 Ne2 45.h5 c2 46.Bh3 Kc4 47.Be6+ 
Kc3 48.h6 f2 49.Bh3 Kb3 0-1

[Event "10th North Sea Cup"]
[Site "Esbjerg DEN"]
[Date "1985.07.??"]
[Round "4"]
[White "Csom, Istvan"]
[Black "Fries-Nielsen, Jens Ove"]
[Result "1-0"]
[WhiteElo "2465"]
[BlackElo "2395"]
[EventDate "1985.07.??"]
[PlyCount "81"]

1.Nf3 g6 2.d4 Bg7 3.c4 d6 4.g3 Nf6 5.Bg2 O-O 6.Nc3 c6 7.O-O Qa5 8.h3 Be6 
9.Nd2 Na6 10.a3 Nc7 11.e4 Qa6 12.d5 Bd7 13.Re1 Rfe8 14.Bf1 c5 15.Nf3 e5 
16.dxe6 Nxe6 17.Be3 Rad8 18.Qc2 Nc7 19.Rad1 Qc6 20.Bf4 Bc8 21.Nd5 Ncxd5 
22.cxd5 Qb6 23.Nd2 Nh5 24.Nc4 Qc7 25.Bg5 f6 26.Bd2 f5 27.Bg5 b5 28.Ne3 
Rxe4 29.Bxd8 Qxd8 30.Bxb5 Bd4 31.Nf1 Nf6 32.Nd2 Rxe1+ 33.Rxe1 Qb6 34.Bc4 
Bd7 35.b3 Qa5 36.Qc1 Bc3 37.Re2 Bxd2 38.Rxd2 Kf7 39.Re2 Bc8 40.Qf4 Qd8 41.
Re1 1-0

[Event "10th North Sea Cup"]
[Site "Esbjerg DEN"]
[Date "1985.07.??"]
[Round "4"]
[White "Hjartarson, Johann"]
[Black "Farago, Ivan"]
[Result "1/2-1/2"]
[WhiteElo "2505"]
[BlackElo "2510"]
[EventDate "1985.07.??"]
[PlyCount "46"]

1.e4 e6 2.d4 d5 3.Nd2 c5 4.exd5 exd5 5.Ngf3 Nc6 6.Bb5 Bd6 7.dxc5 Bxc5 8.
O-O Ne7 9.Nb3 Bd6 10.Re1 O-O 11.Bg5 Bg4 12.Be2 h6 13.Bh4 Re8 14.c3 Qb6 15.
Bxe7 Rxe7 16.Qxd5 Rd8 17.Qb5 Bxh2+ 18.Kxh2 Qxf2 19.Qc5 Rxe2 20.Qxf2 Rxf2 
21.Kg3 Rxb2 22.Kxg4 Rxg2+ 23.Kh3 Rc2 1/2-1/2

[Event "10th North Sea Cup"]
[Site "Esbjerg DEN"]
[Date "1985.07.??"]
[Round "4"]
[White "Kristiansen, Jens"]
[Black "Ftacnik, Lubomir"]
[Result "0-1"]
[WhiteElo "2390"]
[BlackElo "2500"]
[EventDate "1985.07.??"]
[PlyCount "100"]

1.e4 c5 2.Nf3 d6 3.d4 Nf6 4.Nc3 cxd4 5.Nxd4 a6 6.Be2 e6 7.O-O Be7 8.f4 O-O
9.a4 Nc6 10.Be3 Qc7 11.Bf3 Rb8 12.Qe2 Nxd4 13.Bxd4 e5 14.Ba7 Ra8 15.Be3 
Be6 16.Rfd1 exf4 17.Bxf4 Nd7 18.Qd2 Rac8 19.a5 Ne5 20.Be2 Rfd8 21.Be3 Qc6 
22.Kh1 Bf6 23.Bb6 Rd7 24.Nd5 Bh4 25.Qf4 Ng6 26.Qe3 Re8 27.Qd2 f5 28.g3 Bd8
29.Bf3 Bxd5 30.exd5 Qb5 31.Bd4 Ne5 32.Bg2 Bf6 33.Re1 Rde7 34.b3 g6 35.Rad1
Kg7 36.Bg1 h5 37.Bf1 Qd7 38.Kg2 h4 39.c4 hxg3 40.hxg3 Rh8 41.Qc3 g5 42.Bd4
f4 43.Kg1 Qg4 44.Bg2 f3 45.Bxe5 Bxe5 46.Qxf3 Bd4+ 47.Kf1 Rf7 48.Re7 Rf8 
49.Rde1 Rxe7 50.Rxe7+ Kg8 0-1

[Event "10th North Sea Cup"]
[Site "Esbjerg DEN"]
[Date "1985.07.??"]
[Round "4"]
[White "Olafsson, Helgi"]
[Black "Mortensen, Erling"]
[Result "1/2-1/2"]
[WhiteElo "2515"]
[BlackElo "2450"]
[EventDate "1985.07.??"]
[PlyCount "35"]

1.d4 Nf6 2.c4 g6 3.Nc3 Bg7 4.e4 d6 5.f3 O-O 6.Bg5 c5 7.d5 e6 8.Qd2 exd5 9.
cxd5 h6 10.Be3 a6 11.a4 Nh7 12.Nge2 Nd7 13.Nc1 Ne5 14.Be2 f5 15.O-O g5 16.
exf5 Bxf5 17.a5 Qe7 18.Na4 1/2-1/2

[Event "10th North Sea Cup"]
[Site "Esbjerg DEN"]
[Date "1985.07.??"]
[Round "5"]
[White "Farago, Ivan"]
[Black "Plaskett, Harold James"]
[Result "1-0"]
[WhiteElo "2510"]
[BlackElo "2480"]
[EventDate "1985.07.??"]
[PlyCount "68"]

1.d4 Nf6 2.c4 e6 3.Nf3 b6 4.g3 Ba6 5.b3 d5 6.cxd5 exd5 7.Bg2 Bb4+ 8.Bd2 
Bd6 9.Nc3 O-O 10.O-O Re8 11.Re1 Nbd7 12.Nh4 Bb7 13.Nf5 Bf8 14.Bg5 h6 15.
Bf4 Rc8 16.Qc2 Ne4 17.Nxe4 dxe4 18.Bh3 c5 19.Qb2 cxd4 20.Qxd4 Nf6 21.Qb2 
Rc5 22.Rad1 Rd5 23.Ne3 Bb4 24.Nxd5 Nxd5 25.Bd2 Bxd2 26.Qxd2 e3 27.Qd4 Qe7 
28.f3 Qa3 29.Qc4 Nf6 30.Bf5 Qxa2 31.Bg6 Kh8 32.Qxf7 Bxf3 33.Rd7 Rg8 34.
Qxf6 Qd2 1-0

[Event "10th North Sea Cup"]
[Site "Esbjerg DEN"]
[Date "1985.07.??"]
[Round "5"]
[White "Fries-Nielsen, Jens Ove"]
[Black "Olafsson, Helgi"]
[Result "0-1"]
[WhiteElo "2395"]
[BlackElo "2515"]
[EventDate "1985.07.??"]
[PlyCount "52"]

1.e4 c5 2.Nf3 d6 3.d4 cxd4 4.Nxd4 Nf6 5.Nc3 a6 6.Be3 e6 7.Qf3 Nbd7 8.O-O-O
Qc7 9.Qh3 e5 10.Nb3 b5 11.Be2 Bb7 12.Qf3 Rc8 13.Bd3 Be7 14.Kb1 b4 15.Ne2 
d5 16.Ng3 dxe4 17.Nxe4 O-O 18.Rc1 Nd5 19.g4 a5 20.Qh3 g6 21.Nbd2 a4 22.Bc4
Nxe3 23.Qxe3 Bxe4 24.Qxe4 Bg5 25.Rhd1 Nf6 26.Qf3 e4 0-1

[Event "10th North Sea Cup"]
[Site "Esbjerg DEN"]
[Date "1985.07.??"]
[Round "5"]
[White "Ftacnik, Lubomir"]
[Black "Hjartarson, Johann"]
[Result "1-0"]
[WhiteElo "2500"]
[BlackElo "2505"]
[EventDate "1985.07.??"]
[PlyCount "65"]

1.d4 Nf6 2.c4 e6 3.Nf3 b6 4.Nc3 Bb7 5.a3 d5 6.cxd5 Nxd5 7.Qc2 c5 8.dxc5 
Bxc5 9.Bg5 Qc8 10.Rc1 h6 11.Bh4 O-O 12.Nxd5 exd5 13.e3 Nc6 14.Bd3 a5 15.
O-O d4 16.e4 Re8 17.Bg3 Nd8 18.Rfe1 a4 19.Qd1 Ne6 20.Ne5 Ba6 21.f4 Qb7 22.
f5 Ng5 23.h4 Bxd3 24.Qxd3 Nh7 25.Ng4 Rac8 26.e5 Qd5 27.Re2 b5 28.Rec2 Red8
29.Nf2 Nf8 30.Ne4 Nd7 31.e6 fxe6 32.fxe6 Qb3 33.Nxc5 1-0

[Event "10th North Sea Cup"]
[Site "Esbjerg DEN"]
[Date "1985.07.??"]
[Round "5"]
[White "Roedgaard, John"]
[Black "Hansen, Curt"]
[Result "1/2-1/2"]
[WhiteElo "2365"]
[BlackElo "2500"]
[EventDate "1985.07.??"]
[PlyCount "75"]

1.Nf3 g6 2.d4 Nf6 3.g3 Bg7 4.Bg2 O-O 5.O-O d6 6.c4 Nc6 7.b3 Bg4 8.Bb2 Nd7 
9.Nbd2 e5 10.h3 Bxf3 11.Nxf3 e4 12.Ne1 f5 13.Nc2 Qe7 14.Qd2 Rae8 15.Rae1 
h5 16.f4 h4 17.g4 Nf6 18.d5 Nd8 19.g5 Nh5 20.Bxg7 Qxg7 21.e3 c5 22.dxc6 
Nxc6 23.Rd1 Rd8 24.Rf2 Rd7 25.Nb4 Ne7 26.Nd5 Rfd8 27.Bf1 Nxd5 28.Qxd5+ Kh7
29.Rfd2 Qc3 30.Qd4 Qa5 31.Qd5 Qc3 32.Qd4 Qa5 33.c5 Ng7 34.Qc4 d5 35.Rxd5 
Rxd5 36.Rxd5 Rxd5 37.Qxd5 Qe1 38.Qd4 1/2-1/2

[Event "10th North Sea Cup"]
[Site "Esbjerg DEN"]
[Date "1985.07.??"]
[Round "6"]
[White "Fries-Nielsen, Jens Ove"]
[Black "Adorjan, Andras"]
[Result "0-1"]
[WhiteElo "2395"]
[BlackElo "2535"]
[EventDate "1985.07.??"]
[PlyCount "80"]

1.d4 Nf6 2.c4 e6 3.Nc3 Bb4 4.e3 c5 5.Bd3 Nc6 6.Ne2 cxd4 7.exd4 d5 8.cxd5 
Qxd5 9.O-O Qh5 10.Ne4 Be7 11.a3 O-O 12.Qc2 Nxe4 13.Bxe4 Bd6 14.f4 Bd7 15.
Be3 Rac8 16.Nc3 Na5 17.Bf3 Qh6 18.Kh1 Nc4 19.Bc1 Bc6 20.Qe2 Rfd8 21.h3 Qh4
22.Bxc6 Rxc6 23.Qf3 Bxf4 24.Na4 Be5 25.Nb6 Rc5 26.Nd5 g6 27.Ra2 Ra8 28.
dxe5 b6 29.Nc3 Ne3 30.Ne4 Nc2 31.Qh5 Nb4 32.a4 Rcc8 33.Ra3 g5 34.Rc3 g4 
35.Bg5 Rcb8 36.Nd6 Qxg5 37.Rc6 gxh3 38.Rcc1 h2 39.Nxf7 Qxc1 40.a5 Qe1 0-1

[Event "10th North Sea Cup"]
[Site "Esbjerg DEN"]
[Date "1985.07.??"]
[Round "6"]
[White "Hansen, Curt"]
[Black "Farago, Ivan"]
[Result "1/2-1/2"]
[WhiteElo "2500"]
[BlackElo "2510"]
[EventDate "1985.07.??"]
[PlyCount "47"]

1.d4 Nf6 2.c4 e6 3.g3 c5 4.Nf3 cxd4 5.Nxd4 d5 6.Bg2 e5 7.Nf3 d4 8.O-O Nc6 
9.e3 Be7 10.exd4 exd4 11.Bf4 O-O 12.Ne5 Qb6 13.Re1 Be6 14.Nd2 Rac8 15.Ndf3
Bb4 16.Bd2 Nxe5 17.Nxe5 Bxd2 18.Qxd2 Bxc4 19.Nxc4 Rxc4 20.Re7 d3 21.Qxd3 
Qxb2 22.Qxc4 Qxa1+ 23.Bf1 b5 24.Qxb5 1/2-1/2

[Event "10th North Sea Cup"]
[Site "Esbjerg DEN"]
[Date "1985.07.??"]
[Round "6"]
[White "Olafsson, Helgi"]
[Black "Kristiansen, Jens"]
[Result "1-0"]
[WhiteElo "2515"]
[BlackElo "2390"]
[EventDate "1985.07.??"]
[PlyCount "61"]

1.d4 f5 2.g3 Nf6 3.Bg2 e6 4.Nf3 Be7 5.O-O O-O 6.c4 d5 7.b3 c6 8.Bb2 b6 9.
Ne5 Bb7 10.Nd2 Nbd7 11.Nd3 Bd6 12.Rc1 Qe7 13.Nf3 Ne4 14.e3 Rac8 15.Qe2 Ba6
16.Rc2 dxc4 17.bxc4 c5 18.Rfc1 Rc7 19.Nf4 Rfc8 20.d5 Bxf4 21.dxe6 Bxg3 22.
exd7 Bxf2+ 23.Qxf2 Nxf2 24.dxc8=Q+ Rxc8 25.Rxf2 Bb7 26.Ne5 Bxg2 27.Rxg2 g6
28.e4 Rf8 29.Rd1 fxe4 30.Rd7 Qf6 31.Nf3 1-0

[Event "10th North Sea Cup"]
[Site "Esbjerg DEN"]
[Date "1985.07.??"]
[Round "7"]
[White "Farago, Ivan"]
[Black "Csom, Istvan"]
[Result "1/2-1/2"]
[WhiteElo "2510"]
[BlackElo "2465"]
[EventDate "1985.07.??"]
[PlyCount "21"]

1.d4 Nf6 2.c4 e6 3.Nf3 b6 4.Nc3 Bb4 5.Bg5 h6 6.Bh4 g5 7.Bg3 Ne4 8.Qc2 Bb7 
9.e3 Bxc3+ 10.bxc3 Nxg3 11.hxg3 1/2-1/2

[Event "10th North Sea Cup"]
[Site "Esbjerg DEN"]
[Date "1985.07.??"]
[Round "7"]
[White "Ftacnik, Lubomir"]
[Black "Hansen, Curt"]
[Result "0-1"]
[WhiteElo "2500"]
[BlackElo "2500"]
[EventDate "1985.07.??"]
[PlyCount "85"]

1.d4 Nf6 2.c4 e6 3.Nf3 b6 4.Nc3 Bb7 5.a3 d5 6.cxd5 Nxd5 7.Qc2 c5 8.dxc5 
Bxc5 9.Bg5 Qc8 10.Rc1 h6 11.Bh4 a5 12.Ne4 Nd7 13.Qb1 O-O 14.Nd6 Qc6 15.
Nxb7 Qxb7 16.e4 Nf4 17.Bg3 f5 18.e5 Qe4+ 19.Qxe4 fxe4 20.Rc4 exf3 21.Bxf4 
fxg2 22.Bxg2 Rac8 23.Re4 g5 24.Bh3 Rc6 25.Bg3 Bxf2+ 26.Ke2 Bxg3 27.hxg3 
Kg7 28.b4 axb4 29.axb4 Rc2+ 30.Kd3 Rff2 31.Bxe6 Rfd2+ 32.Ke3 Re2+ 33.Kd4 
Red2+ 34.Ke3 Nxe5 35.Rxe5 Re2+ 36.Kd3 Rxe5 37.Kxc2 Rxe6 38.Kd3 Kg6 39.g4 
Rf6 40.Rc1 h5 41.gxh5+ Kxh5 42.Rh1+ Kg6 43.Kc4 0-1

[Event "10th North Sea Cup"]
[Site "Esbjerg DEN"]
[Date "1985.07.??"]
[Round "7"]
[White "Kristiansen, Jens"]
[Black "Hjartarson, Johann"]
[Result "1/2-1/2"]
[WhiteElo "2390"]
[BlackElo "2505"]
[EventDate "1985.07.??"]
[PlyCount "86"]

1.e4 e6 2.d4 d5 3.Nc3 Bb4 4.e5 c5 5.a3 Bxc3+ 6.bxc3 Ne7 7.Nf3 Bd7 8.Be2 
Ba4 9.dxc5 Nd7 10.Rb1 Nxc5 11.Rb4 O-O 12.Be3 a5 13.Rg4 Ne4 14.Bd4 Nf5 15.
Bd3 Rc8 16.Nd2 Nxd4 17.cxd4 f5 18.exf6 Nxf6 19.Rg3 Qc7 20.O-O Bxc2 21.Bxc2
Qxc2 22.Qe1 Rc6 23.Re3 Re8 24.Nf3 b6 25.Ne5 Rcc8 26.Qb1 Qxb1 27.Rxb1 Rc2 
28.f3 Rd2 29.Nc6 Nd7 30.Rbe1 Ra2 31.Rxe6 Rxe6 32.Rxe6 Nf6 33.Ne5 Rxa3 34.
Rxb6 h5 35.h4 Ra1+ 36.Kf2 Ra2+ 37.Kg3 a4 38.Ra6 a3 39.Kf4 Rxg2 40.Rxa3 Kh7
41.Re3 Rd2 42.Rd3 Rh2 43.Kg3 Rh1 1/2-1/2

[Event "10th North Sea Cup"]
[Site "Esbjerg DEN"]
[Date "1985.07.??"]
[Round "7"]
[White "Mortensen, Erling"]
[Black "Plaskett, Harold James"]
[Result "1/2-1/2"]
[WhiteElo "2450"]
[BlackElo "2480"]
[EventDate "1985.07.??"]
[PlyCount "80"]

1.e4 e5 2.Nf3 Nc6 3.Bb5 Bc5 4.c3 f5 5.d4 fxe4 6.dxc5 exf3 7.Qxf3 Nf6 8.O-O
O-O 9.Bg5 Qe8 10.Nd2 d6 11.cxd6 cxd6 12.Qd3 Qh5 13.f4 exf4 14.Bxf4 d5 15.
Bd6 Re8 16.Qg3 Bf5 17.Rf2 Re6 18.Raf1 Bg6 19.Ba4 h6 20.h4 Ne4 21.Nxe4 Bxe4
22.Bd1 Qg6 23.Qxg6 Bxg6 24.Bf4 Bd3 25.Bb3 Bc4 26.Rd1 Rae8 27.Rdd2 Re4 28.
g3 Bxb3 29.axb3 d4 30.b4 a6 31.Kg2 R8e6 32.Kf3 Re3+ 33.Kg2 dxc3 34.Bxe3 
cxd2 35.Bxd2 Re4 36.Kf3 Rc4 37.Bc3 Nxb4 38.Rd2 Na2 39.Be5 Rc8 40.Rd7 Rf8+ 
1/2-1/2

[Event "10th North Sea Cup"]
[Site "Esbjerg DEN"]
[Date "1985.07.??"]
[Round "8"]
[White "Fries-Nielsen, Jens Ove"]
[Black "Farago, Ivan"]
[Result "0-1"]
[WhiteElo "2395"]
[BlackElo "2510"]
[EventDate "1985.07.??"]
[PlyCount "66"]

1.d4 Nf6 2.Nf3 e6 3.Bg5 c5 4.e3 h6 5.Bh4 b6 6.Nbd2 Bb7 7.c3 Be7 8.Bd3 cxd4
9.cxd4 Nc6 10.a3 d6 11.Bg3 O-O 12.O-O a6 13.Rc1 b5 14.Bb1 Rc8 15.Qe2 Nh5 
16.Qd3 g6 17.Ba2 Kh7 18.h3 Nxg3 19.fxg3 Bf6 20.Ne4 Bg7 21.h4 Ne7 22.Rxc8 
Bxc8 23.g4 Kh8 24.g5 h5 25.Rf2 Bb7 26.Nf6 Bxf3 27.Rxf3 Bxf6 28.Rxf6 d5 29.
e4 dxe4 30.Qxe4 Nf5 31.d5 Qb6+ 32.Kh2 Qd6+ 33.Kg1 Rc8 0-1

[Event "10th North Sea Cup"]
[Site "Esbjerg DEN"]
[Date "1985.07.??"]
[Round "8"]
[White "Hansen, Curt"]
[Black "Mortensen, Erling"]
[Result "1/2-1/2"]
[WhiteElo "2500"]
[BlackElo "2450"]
[EventDate "1985.07.??"]
[PlyCount "81"]

1.e4 c5 2.c3 d5 3.exd5 Qxd5 4.d4 e6 5.Nf3 Nf6 6.Bd3 Be7 7.O-O O-O 8.Qe2 
cxd4 9.cxd4 Nc6 10.Rd1 Nb4 11.Nc3 Qd8 12.Bb1 b6 13.Ne5 Bb7 14.Qe3 Nbd5 15.
Qh3 Rc8 16.Re1 Nxc3 17.bxc3 Qd5 18.Bd2 b5 19.a3 Rc7 20.Ng4 g6 21.Ba2 Qd6 
22.Nxf6+ Bxf6 23.Qg3 Qxg3 24.hxg3 Rd8 25.Rab1 Bd5 26.Rb2 Bxa2 27.Rxa2 Rc4 
28.Rb1 Rd5 29.Rb4 e5 30.Rxc4 bxc4 31.Be3 a6 32.Kf1 Rb5 33.dxe5 Bxe5 34.Bd4
Bxd4 35.cxd4 Rb3 36.Rc2 c3 37.a4 Ra3 38.Ke2 Rxa4 39.Kd3 Ra3 40.Kc4 a5 41.
d5 1/2-1/2

[Event "10th North Sea Cup"]
[Site "Esbjerg DEN"]
[Date "1985.07.??"]
[Round "9"]
[White "Ftacnik, Lubomir"]
[Black "Fries-Nielsen, Jens Ove"]
[Result "0-1"]
[WhiteElo "2500"]
[BlackElo "2395"]
[EventDate "1985.07.??"]
[PlyCount "118"]

1.d4 Nf6 2.c4 e6 3.Nf3 b6 4.Nc3 Bb7 5.a3 d5 6.cxd5 exd5 7.Bg5 Be7 8.Qa4+ 
c6 9.e3 O-O 10.Bd3 Nbd7 11.O-O Re8 12.Rad1 a6 13.Bb1 Rc8 14.Qc2 g6 15.Ba2 
Qc7 16.Rfe1 Bd6 17.Bh4 Ng4 18.h3 Ngf6 19.e4 Bf4 20.e5 Nh5 21.g4 Ng7 22.Ne2
Ne6 23.Nxf4 Nxf4 24.Qd2 Ne6 25.Qh6 c5 26.Rc1 Kh8 27.b4 Rg8 28.Be7 Rce8 29.
Ng5 Nxg5 30.Qxg5 c4 31.Rc3 Qc6 32.Rf3 Qe6 33.Bf6+ Nxf6 34.Rxf6 Qe7 35.Qf4 
Rgf8 36.Rxb6 f6 37.Qd2 f5 38.g5 Bc8 39.Rf6 Be6 40.Re3 Rg8 41.h4 Rb8 42.Rg3
a5 43.bxa5 f4 44.Rf3 Rgc8 45.Rc3 Re8 46.a6 Qa7 47.Qxf4 Qxa6 48.h5 gxh5 49.
Rh3 Qa4 50.Rg3 Qd7 51.g6 Rg8 52.Rf7 Bxf7 53.Qf6+ Rg7 54.gxf7 Qxf7 55.Qd6 
Rxg3+ 56.fxg3 Rf8 57.Kh2 Qf2+ 58.Kh3 Qf1+ 59.Kh4 Qf5 0-1